000 00517nam a2200181Ia 4500
999 _c26147
_d54145
005 20180315045335.0
020 _a978-0-444-82435-6
037 _aBC_697 90/3
040 _aBC-ENSA
_bfre
100 _aARMSTRONG, Mark
245 _aHandbook of industrial organization
260 _bElsevier
_aAmsterdam
_c2007
300 _bill.
_a2440 p.
_c25 cm
562 _e 01 exemplaire(s)
942 _c09
490 _a2331
653 _aINDUSTRIE/ECONOMIE/ENTREPRISE/MARCHE/ANALYSE ECONOMIQUE